| 000 | 00682nam a22002057a 4500 | ||
|---|---|---|---|
| 005 | 20251108174556.0 | ||
| 008 | 250721s2001 xx 000 0 ara d | ||
| 020 | _a2844095771 | ||
| 082 | 1 | 4 | _aط/577.6/هوي |
| 100 | 1 | _aهويت، سالي | |
| 245 | 1 | 0 | _aالعيش تحت الماء مع الأسماك و أسئلة أخرى حول الماء / |
| 264 | 1 |
_aبيروت : _bالدار العربية للعلوم، _c2001. |
|
| 300 | _a29ص | ||
| 490 | 0 | _aلماذا لا أستطيع ... | |
| 650 | 1 | 7 | _aالاساله و الاجوبه |
| 650 | 1 | 7 | _aالماا |
| 653 | _aاطفال مرحله متوسطه (6-9) سنوات | ||
| 942 |
_2ddc _cBK |
||
| 999 |
_c112638 _d112638 |
||